| 000 | 004440000a22001690004500 | ||
|---|---|---|---|
| 003 | MACL | ||
| 005 | 20160108121725.0 | ||
| 008 | 160108b xxu||||| |||| 00| 0 eng d | ||
| 040 |
_aMACL _cMACL |
||
| 041 | _aEnglish | ||
| 082 | _a910/KNI | ||
| 100 |
_aKnight, E.F. _929525 |
||
| 245 |
_aThe Cruise of the Falcon _bA Voyage to South America |
||
| 260 |
_bThomas Nelsons & Sons _aNew York |
||
| 650 |
_aTravel _929527 |
||
| 942 |
_cBK _k910/KNI _2ddc |
||
| 999 |
_c37491 _d37491 |
||